00273nam a2200109 4500082002000000100001800020245002900038250003700067260003900104300000700143650001300150 a576 WEEb007557 aWeerasinghe,B aGenetics and Inheritance aRivised with Format change 2007 bOpen University of Sri Lankac1992 a88 aGenetics